000
00252 a2200109 4500
020
_a
1558852921
041
_a
spa
100
_a
Mora, Pat
245
_a
My own true name : new and selected poems for young adults, 1984-1999
942
_c
BK
999
_c
9229
_d
9229
999
_d
9229